A Design manual Libraries (Record no. 7306)

000 -LEADER
fixed length control field 00272nam a2200109Ia 4500
008 - FIXED-LENGTH DATA ELEMENTS--GENERAL INFORMATION
fixed length control field 200302s9999 xx 000 0 und d
100 ## - MAIN ENTRY--PERSONAL NAME
Personal name Nolan Lushington and Othera
245 ## - TITLE STATEMENT
Title A Design manual Libraries
260 ## - PUBLICATION, DISTRIBUTION, ETC.
Name of publisher, distributor, etc. Birkhauser Verlag Gmbh
260 ## - PUBLICATION, DISTRIBUTION, ETC.
Date of publication, distribution, etc. 2016
300 ## - PHYSICAL DESCRIPTION
Extent 263
Holdings
Withdrawn status Lost status Damaged status Not for loan Permanent Location Current Location Date acquired Cost, normal purchase price Total Checkouts Full call number Barcode Date last seen Date last checked out Price effective from Koha item type
        BMS College of Architecture, Design and Planning BMS College of Architecture, Design and Planning 2020-03-03 8996.00 1 727.8 AR-UG1208 2023-08-16 2023-06-09 2020-03-03 UG Books
Copyright © 2025, The Librarian, Library and Information Centre, BMSCA D&P, Bengaluru. All Rights Reserved
web counter

Powered by Koha